000 00337nam a2200145Ia 4500
008 191201s2004 xx 000 0 und d
082 _a629.2
_bGIA
100 _aGIRI, N K
245 0 _aAutomobile Technology
250 _a1st
260 _aN.Delhi
_bKhanna Publisher
_c2004
300 _a1592
650 _aB.Tech(ME)
942 _2ddc
_cBK
999 _c1785
_d1785